LEADER 01272nam a2200301 i 4500 001 000000129264 003 CaOOAMICUS 005 20190528113035.0 008 040922s1999 it u000 u ita u 013 $a101997 020 $a88-315-1774-0 040 $aSeMil$bita 100 1 $aBof, Giampiero,$d<1934- >.$0(OLS)http://semarc/name/15691 240 10$aGiustizia e martirio.$0(OLS)http://semarc/title/408107 245 13$aIl martire oggi :$bper una teologia della giustizia /$cGiampiero Bof ; postfazione di Remo Bodei. 260 $aMilano :$bPaoline,$c1999. 300 $a318 p. ;$c21 cm. 490 0 $aPercorsi teologici ;$v4 650 4$aGiustizia - Teologia.$0(OLS)http://semarc/subject/12398 700 1 $aBodei, Remo,$d<1938-2019>.$0(OLS)http://semarc/name/6454 830 0$aPercorsi teologici ;$v4.$0(OLS)http://semarc/title/423307 850 $aSeMil 852 $aSeMil$W1$xVenegono$y1$m2B VII 33$j83384$B83384$CSeMilBibl$Z2$F86694 $81 961 $aRecupero: Seminario di Seveso 996 $6020$a88-315-1774-0$9(OLS)http://semarc/number/115999 996 $6245$aIl martire oggi :$bper una teologia della giustizia$9(OLS)http://semarc/title/408106 996 $6260$aMilano :$bPaoline$9(OLS)http://semarc/publisher/29684 LEADER 01098nam a2200253 i 4500 001 000000115866 003 CaOOAMICUS 005 20030530000000.0 008 030530s2002 it u000 u ita u 013 $a88555 020 $a88-8477-100-5 040 $aSeMil$bita 100 1 $aVarini, Giovanni.$0(OLS)http://semarc/name/48406 245 10$aEd è subito Pasqua :$bLuigi Serenthà : teologo, pastore, educatore /$cGiovanni Varini ; testimonianze a cura di Pino Nardi. 260 $aSaronno :$bMonti,$c2002. 300 $a175 p. ;$c21 cm. 600 14$aSerenthà, Luigi .$0(OLS)http://semarc/subject/11826 700 1 $aNardi, Pino.$0(OLS)http://semarc/name/48407 850 $aSeMil 852 $aSeMil$W1$xVenegono$y1$m3J VI 108$j71361$B71361$CSeMilBibl$Z2$F101097 $81 961 $aOmaggio: Giudici Ecc. Giovanni 996 $6020$a88-8477-100-5$9(OLS)http://semarc/number/99799 996 $6245$aEd è subito Pasqua :$bLuigi Serenthà : teologo, pastore, educatore$9(OLS)http://semarc/title/169787 996 $6260$aSaronno :$bMonti$9(OLS)http://semarc/publisher/31680